Hodnotenie a anticipácia trendov rozvoja cestovného ruchu na Slovensku v kontexte s európskymi svetovými trendmi diplomová práca

Salvato in:
Dettagli Bibliografici
Autore principale: Odehnalová, Lenka
Ente Autore: Obchodná fakulta EU. Katedra služieb a cestovného ruchu - zrušené
Altri autori: Pachingerová, Mária
Natura: Libro
Lingua:slovacco
Pubblicazione: Bratislava 2012
Tags: Aggiungi Tag
Nessun Tag, puoi essere il primo ad aggiungerne!!

MARC

LEADER 00000nbm a2200000 4500
001 0158992
005 20161109102222.3
041 0 |a slo 
044 |a SK 
245 1 0 |a Hodnotenie a anticipácia trendov rozvoja cestovného ruchu na Slovensku v kontexte s európskymi svetovými trendmi  |b diplomová práca  |c Lenka Odehnalová ; školiteľ: Mária Pachingerová 
264 1 |a Bratislava  |c 2012 
300 |a 77 s. 
100 1 |a Odehnalová, Lenka 
700 1 |a Pachingerová, Mária 
710 2 |a Obchodná fakulta EU. Katedra služieb a cestovného ruchu - zrušené